000 00964nam0a22002771 4500
001 rc\3125046
005 20250530080900.0
021 _aRU
_b[75-80415]
035 _a(NLR Aleph) 007313004
090 _a5829728
_c5829728
100 _a20120615d1975 |||y0rusy50 ca
101 0 _arus
102 _aRU
105 _aa z |||||
200 1 _aТорговая реклама в кино и на телевидении
_fП.А. Оямаа
210 _aМосква
_cЭкономика
_d1975
215 _a71 с.
_cил.
_d20
606 _aКинореклама
_2psbo
606 _aРеклама торговая
_xИспользование технических средств
_2psbo
606 _aТелевизионные передачи, рекламные
_2psbo
700 1 _aОямаа
_bП.А.
_f1933-
_gПееду Артурович
801 0 _aRU
_bNLR
_gpsbo
801 1 _aRU
_bELAR
_2rusmarc
852 _aNLR
_j75-4/21959
942 _cBOOK
980 _aNB